Antología escolar de literatura castellana : poesía lírica : sección segunda /

Obra en cinco volúmenes que cubren a los autores más importantes de la producción literaria de la península ibérica desde la dominación romana hasta el siglo XIX. El autor no solamente incluye las obras o fragmentos más destacados, también acompaña a cada fragmento con notas aclaratorias, contextual...

Szczegółowa specyfikacja

Zapisane w:
Opis bibliograficzny
1. autor: Cayuela, Arturo María (autor)
Format: Książka
Język:hiszpański
Seria:(Castellana ; 2)
Hasła przedmiotowe:
Etykiety: Dodaj etykietę
Nie ma etykietki, Dołącz pierwszą etykiete!

MARC

LEADER 00000nam^a2200000^a^4500
001 000378777
005 20250521000000.0
009 20260310120508.033
037 |a Acervo Xavier Clavigero 
041 |a ESP 
082 |a 860. 946  |b CAY V. 2 
100 |a Cayuela, Arturo María  |e (autor) 
245 1 0 |a Antología escolar de literatura castellana :  |b poesía lírica : sección segunda /  |c A.M. Cayuela. 
264 |a Madrid, España :  |b Razón y Fe,  |c 1924 
300 |a 526 p. 
336 |a texto  |b txt  |2 rdacontenido 
337 |a sin mediación  |b n  |2 rdamedio 
338 |a volumen  |b nc  |2 rdasoporte 
440 1 |a (Castellana ;  |v 2) 
501 |a Encuadernación particular 
520 |a Obra en cinco volúmenes que cubren a los autores más importantes de la producción literaria de la península ibérica desde la dominación romana hasta el siglo XIX. El autor no solamente incluye las obras o fragmentos más destacados, también acompaña a cada fragmento con notas aclaratorias, contextuales y explicativas del estilo o datos biográficos de algunos de los escritores españoles más renombrados. 
561 |a Ex libris de Bibl. Junioratus San Cayetano 
562 |a Falta cubierta 
649 |a XX 
650 |a Poesía Española 
650 |a Modernismo (Literatura) -  |z España 
650 |a Romanticismo (Literatura) -  |z España 
650 |a Literatura Española -  |y Siglo XVIII 
650 |a Literatura Española -  |y Siglo XIX 
910 |a Fondo General 
920 |a Impresos - Libros 
930 |a Colección General 
940 |a Literatura 
905 |a 101 
901 |a 056555  |b IT1  |c LIT  |u 20250521 
901 |a 056553  |b IT1  |c LIT  |u 20250521 
902 |a https://opac.biblio.iteso.mx/vufind/Record/000378777